LEADER 01012nam0-22003251i-450 001 990001758200403321 005 20190529131352.0 035 $a000175820 035 $aFED01000175820 035 $a(Aleph)000175820FED01 035 $a000175820 100 $a20030910d1966----km-y0itay50------ba 101 0 $aita 200 1 $aPer il riassetto edilizio della sede della Facoltà$fOttaviano Bottini 210 $aPortici$c[s.n.]$d1966 215 $a7 p.$d24 cm 300 $aEstr. da: Annali della Facoltà di Scienze Agrarie dell'Università di Napoli in Portici, 4 ser., 1,1966. 610 0 $aPortici 610 0 $aInsegnamento agrario 610 0 $aUniversità 676 $a630.711 700 1$aBottini,$bOttaviano$019092 801 0$aIT$bUNINA$gRICA$2UNIMARC 901 $aLG 912 $a990001758200403321 952 $a60 OP. 70/33$b40872$fFAGBC 952 $a60 OP. 71/53$b41373$fFAGBC 959 $aFAGBC 996 $aPer il riassetto edilizio della sede della Facoltà$9362955 997 $aUNINA LEADER 02000nam 2200577 a 450 001 9910458676003321 005 20200520144314.0 010 $a0-335-24708-3 010 $a0-07-713264-5 035 $a(CKB)2560000000055843 035 $a(EBL)1400812 035 $a(SSID)ssj0000486560 035 $a(PQKBManifestationID)11328707 035 $a(PQKBTitleCode)TC0000486560 035 $a(PQKBWorkID)10441513 035 $a(PQKB)10333825 035 $a(MiAaPQ)EBC1400812 035 $a(Au-PeEL)EBL1400812 035 $a(CaPaEBR)ebr10440682 035 $a(OCoLC)862826482 035 $a(EXLCZ)992560000000055843 100 $a20020215d2002 uy 0 101 0 $aeng 135 $aur|n|---||||| 181 $ctxt 182 $cc 183 $acr 200 00$aPlaywork$b[electronic resource] $etheory and practice /$fedited by Fraser Brown 210 $aPhiladelphia, Pa. $cOpen University Press$d2002 215 $a1 online resource (227 p.) 300 $aDescription based upon print version of record. 311 $a0-335-20944-0 320 $aIncludes bibliographical references and index. 327 $apt. 1. The roots of play and playwork -- pt. 2. Theories of playwork -- pt. 3. Putting theory into practice : the reflective practitioner. 330 $aThis book brings together theoretical perspectives and practical advice to improve playwork practice. There are chapters on the role of adventure playgrounds; the challenge of starting a playwork section in a local authority; and the value of networking. 606 $aPlay 606 $aChild development 606 $aRecreation centers 608 $aElectronic books. 615 0$aPlay. 615 0$aChild development. 615 0$aRecreation centers. 676 $a790/.01 701 $aBrown$b Fraser$f1951-$0861120 801 0$bMiAaPQ 801 1$bMiAaPQ 801 2$bMiAaPQ 906 $aBOOK 912 $a9910458676003321 996 $aPlaywork$91939263 997 $aUNINA